[Event "Sao Paulo op"]
[Site "Sao Paulo"]
[Date "1991.??.??"]
[Round "4"]
[White "Spangenberg, Hugo"]
[Black "Kharlov, Andrei"]
[Result "0-1"]
[WhiteElo "2220"]
[BlackElo "2450"]
[PlyCount "114"]
[EventDate "1991.??.??"]
[EventType "swiss"]
[EventRounds "11"]
[EventCountry "BRA"]
[SourceTitle "EXT 1997"]
[Source "ChessBase"]
[SourceDate "1996.11.15"]
[SourceVersion "1"]
[SourceVersionDate "1996.11.15"]
[SourceQuality "1"]

1. e4 c5 2. Nf3 Nc6 3. Bb5 g6 4. O-O Bg7 5. Re1 Nf6 6. Nc3 O-O 7. e5 Ne8 8. d3
Nc7 9. Bc4 Ne6 10. Bxe6 fxe6 11. Ne4 Nxe5 12. Nxe5 Bxe5 13. Bh6 Rf7 14. Ng5 Rf5
15. g4 Rxg5 16. Bxg5 Bxb2 17. Rb1 Bc3 18. Bd2 Bg7 19. Qf3 Rb8 20. Qg3 d6 21.
Qh4 b6 22. Bg5 Bf6 23. Re3 Qf8 24. Bxf6 exf6 25. Rf3 g5 26. Qg3 Bb7 27. Re3 e5
28. Re4 Qf7 29. Rb3 Rd8 30. a4 Bxe4 31. dxe4 Qc4 32. Qf3 Kg7 33. Qf5 h6 34. Rf3
Qf7 35. c4 a6 36. Rb3 b5 37. axb5 Qxc4 38. Rf3 Rf8 39. bxa6 Qxa6 40. Qd7+ Rf7
41. Qe6 Qa1+ 42. Kg2 Qd4 43. Re3 c4 44. Qc8 d5 45. Qc6 Qd1 46. h3 d4 47. Ra3
Qb1 48. Kf3 Qh1+ 49. Kg3 Qg1+ 50. Kf3 Qh2 51. Ra8 Qxh3+ 52. Ke2 Qxg4+ 53. Kf1
Qd7 54. Qb6 Qb7 55. Qd8 Qb1+ 56. Kg2 Qxe4+ 57. Kg1 Qh7 0-1

[Event "Sao Paulo op"]
[Site "Sao Paulo"]
[Date "1991.??.??"]
[Round "6"]
[White "Sorin, Ariel"]
[Black "Kharlov, Andrei"]
[Result "0-1"]
[WhiteElo "2405"]
[BlackElo "2450"]
[PlyCount "66"]
[EventDate "1991.??.??"]
[EventType "swiss"]
[EventRounds "11"]
[EventCountry "BRA"]
[SourceTitle "EXT 1997"]
[Source "ChessBase"]
[SourceDate "1996.11.15"]
[SourceVersion "1"]
[SourceVersionDate "1996.11.15"]
[SourceQuality "1"]

1. d4 d5 2. c4 e6 3. Nc3 c6 4. cxd5 exd5 5. Bf4 Bf5 6. e3 Qb6 7. Bd3 Qxb2 8.
Bxf5 Qxc3+ 9. Kf1 Ne7 10. Bd3 Nd7 11. Rb1 Ng6 12. Ne2 Qa3 13. Bxg6 hxg6 14.
Rxb7 Qxa2 15. f3 Qa6 16. Qb1 Be7 17. Kf2 Bd8 18. Rb2 Nb6 19. Ra2 Qb7 20. Bd6
Qd7 21. Bc5 Nc4 22. Ra6 Qc8 23. Rxa7 Rxa7 24. Bxa7 O-O 25. e4 Bg5 26. g3 Qh3
27. f4 Nd2 28. Qb6 Nxe4+ 29. Kf3 Qh5+ 30. Ke3 Bd8 31. Qxc6 Ba5 32. Rf1 Nf6 33.
Bc5 Ng4+ 0-1

[Event "Sao Paulo op"]
[Site "Sao Paulo"]
[Date "1991.??.??"]
[Round "7"]
[White "Kharlov, Andrei"]
[Black "Milos, Gilberto"]
[Result "0-1"]
[WhiteElo "2450"]
[BlackElo "2530"]
[PlyCount "62"]
[EventDate "1991.??.??"]
[EventType "swiss"]
[EventRounds "11"]
[EventCountry "BRA"]
[SourceTitle "EXT 1997"]
[Source "ChessBase"]
[SourceDate "1996.11.15"]
[SourceVersion "1"]
[SourceVersionDate "1996.11.15"]
[SourceQuality "1"]

1. e4 e5 2. Nf3 Nc6 3. Bb5 a6 4. Ba4 Nf6 5. O-O Be7 6. Re1 b5 7. Bb3 O-O 8. d3
Bb7 9. Nbd2 h6 10. Nf1 Re8 11. Ne3 Bf8 12. Bd2 d6 13. a4 Ne7 14. Qb1 Ng6 15. c3
Qd7 16. axb5 axb5 17. Rxa8 Bxa8 18. Nf1 d5 19. Ng3 c5 20. exd5 Nxd5 21. h3 Kh8
22. Qa2 f6 23. Nh5 Rd8 24. Rd1 Nb4 25. Nxe5 Nxe5 26. cxb4 c4 27. dxc4 Qb7 28.
f3 Nxf3+ 29. gxf3 Qxf3 30. Nf4 Bxb4 31. Qa7 Qxb3 0-1

[Event "Sao Paulo op"]
[Site "Sao Paulo"]
[Date "1991.??.??"]
[Round "8"]
[White "Rodriguez, Alberto2"]
[Black "Kharlov, Andrei"]
[Result "0-1"]
[WhiteElo "2315"]
[BlackElo "2450"]
[PlyCount "56"]
[EventDate "1991.??.??"]
[EventType "swiss"]
[EventRounds "11"]
[EventCountry "BRA"]
[SourceTitle "EXT 1997"]
[Source "ChessBase"]
[SourceDate "1996.11.15"]
[SourceVersion "1"]
[SourceVersionDate "1996.11.15"]
[SourceQuality "1"]

1. e4 c5 2. Nc3 Nc6 3. Nge2 e6 4. d4 cxd4 5. Nxd4 Nf6 6. Nxc6 bxc6 7. e5 Nd5 8.
Ne4 Qc7 9. f4 Qb6 10. c4 Bb4+ 11. Ke2 f5 12. Nf2 Ba6 13. Kf3 Ne7 14. b3 Bc5 15.
Nd3 Bd4 16. Ba3 g5 17. fxg5 c5 18. Rc1 Ng6 19. Kg3 f4+ 20. Kg4 h5+ 21. Kh3 Qd8
22. g3 Qxg5 23. Nxc5 Qf5+ 24. Kg2 f3+ 25. Qxf3 Nh4+ 26. gxh4 Rg8+ 27. Qg3 Rxg3+
28. hxg3 Qf2+ 0-1

[Event "Sao Paulo op"]
[Site "Sao Paulo"]
[Date "1991.??.??"]
[Round "9"]
[White "Kharlov, Andrei"]
[Black "Sakaev, Konstantin"]
[Result "0-1"]
[WhiteElo "2450"]
[BlackElo "2450"]
[PlyCount "122"]
[EventDate "1991.??.??"]
[EventType "swiss"]
[EventRounds "11"]
[EventCountry "BRA"]
[SourceTitle "EXT 1997"]
[Source "ChessBase"]
[SourceDate "1996.11.15"]
[SourceVersion "1"]
[SourceVersionDate "1996.11.15"]
[SourceQuality "1"]

1. e4 c5 2. c3 e6 3. d4 d5 4. e5 Nc6 5. Nf3 Bd7 6. Be2 Nge7 7. O-O Ng6 8. Be3
Be7 9. dxc5 Ngxe5 10. Nxe5 Nxe5 11. f4 Nc6 12. Nd2 O-O 13. Bd3 g6 14. Qf3 Bf6
15. Qf2 Bg7 16. Nf3 Ne7 17. h4 f6 18. h5 e5 19. h6 Bh8 20. fxe5 fxe5 21. Bg5
Qe8 22. Rae1 Nc6 23. c4 Be6 24. Qe2 Rc8 25. a3 a5 26. Rd1 e4 27. cxd5 Bxd5 28.
Bc4 Bxc4 29. Qxc4+ Qf7 30. Qxe4 Bxb2 31. Nh2 Qb3 32. Ng4 Rfe8 33. Qd5+ Qxd5 34.
Rxd5 Rf8 35. Rb1 Bd4+ 36. Rxd4 Nxd4 37. Rxb7 Ne2+ 38. Kh2 Rxc5 39. Bh4 Rh5 40.
g3 g5 41. Rg7+ Kh8 42. Rxg5 Rxg5 43. Bxg5 Rf5 44. Bd8 Kg8 45. Nf6+ Kf7 46. Nxh7
Kg6 47. Ng5 Kxh6 48. Ne4 Re5 49. Nd2 a4 50. Kg2 Rd5 51. Bb6 Rxd2 52. Be3+ Nf4+
53. Kf1 Rd3 54. Bxf4+ Kg6 55. Ke2 Rxa3 56. Kd2 Rb3 57. Kc2 Kf5 58. Bc1 Kg4 59.
Bf4 Kf3 60. Bc7 Rb7 61. Bd6 Rb6 0-1

[Event "Sao Paulo op"]
[Site "Sao Paulo"]
[Date "1991.??.??"]
[Round "10"]
[White "Fiorito, Fabian"]
[Black "Kharlov, Andrei"]
[Result "0-1"]
[WhiteElo "2435"]
[BlackElo "2450"]
[PlyCount "109"]
[EventDate "1991.??.??"]
[EventType "swiss"]
[EventRounds "11"]
[EventCountry "BRA"]
[SourceTitle "EXT 1997"]
[Source "ChessBase"]
[SourceDate "1996.11.15"]
[SourceVersion "1"]
[SourceVersionDate "1996.11.15"]
[SourceQuality "1"]

1. e4 c5 2. Nf3 Nc6 3. d4 cxd4 4. Nxd4 Nf6 5. Nc3 e5 6. Ndb5 d6 7. Bg5 a6 8.
Na3 Be6 9. Nc4 Rc8 10. Bxf6 gxf6 11. Bd3 Bh6 12. Nd5 Bxd5 13. exd5 Nb4 14. c3
Nxd3+ 15. Qxd3 f5 16. O-O e4 17. Rae1 Rg8 18. Qe2 Bf4 19. g3 Rc5 20. Kh1 b5 21.
Na5 Rxd5 22. gxf4 Qxa5 23. f3 Qxa2 24. fxe4 Rc5 25. exf5+ Kd7 26. Qe7+ Kc8 27.
Rd1 Qc4 28. b3 Qxc3 29. Qxf7 Rd8 30. Qe6+ Kc7 31. f6 Qb2 32. Rb1 Qc2 33. Rbc1
Qd3 34. Qe7+ Rd7 35. Rxc5+ dxc5 36. Qxc5+ Kb7 37. Qf2 Qxb3 38. Re1 Qd5+ 39. Kg1
Kc6 40. Rc1+ Kb7 41. Re1 Rc7 42. Re7 Qd1+ 43. Qf1 Qd4+ 44. Qf2 Qxf6 45. Rxc7+
Kxc7 46. Qa7+ Kd8 47. Qa8+ Ke7 48. Qa7+ Kf8 49. Qa8+ Kg7 50. Qb7+ Kg6 51. Qe4+
Qf5 52. Qc6+ Kh5 53. Qc1 Kg4 54. Qa1 Kxf4 55. Qxa6 0-1

[Event "Sao Paulo op"]
[Site "Sao Paulo"]
[Date "1991.??.??"]
[Round "11"]
[White "Kharlov, Andrei"]
[Black "Kramnik, Vladimir"]
[Result "0-1"]
[WhiteElo "2450"]
[BlackElo "2480"]
[PlyCount "148"]
[EventDate "1991.??.??"]
[EventType "swiss"]
[EventRounds "11"]
[EventCountry "BRA"]
[SourceTitle "EXT 1997"]
[Source "ChessBase"]
[SourceDate "1996.11.15"]
[SourceVersion "1"]
[SourceVersionDate "1996.11.15"]
[SourceQuality "1"]

1. e4 c5 2. c3 e6 3. d4 d5 4. e5 Nc6 5. Nf3 Bd7 6. Be2 Nge7 7. dxc5 Ng6 8. Be3
Ncxe5 9. Nxe5 Nxe5 10. f4 Nc6 11. O-O g6 12. Nd2 Bg7 13. Nf3 O-O 14. h4 b6 15.
cxb6 axb6 16. h5 Ne7 17. hxg6 hxg6 18. Bd3 Nf5 19. Bxf5 gxf5 20. Bd4 f6 21. Qe1
Kf7 22. Qe3 b5 23. Kf2 Rh8 24. a3 Qc7 25. Rh1 Rae8 26. Rxh8 Rxh8 27. Re1 Re8
28. g3 Kg8 29. Bb6 Qb7 30. Ba5 Qa8 31. Qb6 Rb8 32. Qc7 Rb7 33. Qd8+ Qxd8 34.
Bxd8 Kf7 35. Ba5 Ra7 36. Bb4 Ra8 37. Re2 Re8 38. Bd6 Bc8 39. Ke1 Bd7 40. Kd2
Ra8 41. Kc2 Ra6 42. Bb4 Bh6 43. Nd4 Kg6 44. Kd3 Bg7 45. Nf3 Kf7 46. Kd4 Rc6 47.
b3 Ra6 48. Re1 Bc6 49. Re3 Bh6 50. Re2 Bg7 51. Re1 Bh6 52. Rh1 Bg7 53. Rh2 Bd7
54. Ne1 Rc6 55. Nd3 Rc8 56. Re2 Re8 57. Kc5 Rb8 58. Ra2 Bf8+ 59. Kd4 Bg7 60.
Bd6 Rb6 61. Bb4 Rb8 62. Re2 Re8 63. Re1 Rc8 64. Ra1 e5+ 65. fxe5 fxe5+ 66.
Nxe5+ Ke6 67. Re1 Bf6 68. Ba5 Kd6 69. Bb4+ Ke6 70. Ba5 Be8 71. Bb6 Kd6 72. Ba7
Bh5 73. c4 dxc4 74. b4 c3 0-1

[Event "URS-ch U26"]
[Site "Kherson"]
[Date "1991.??.??"]
[Round "2"]
[White "Kharlov, Andrei"]
[Black "Ibragimov, Ildar"]
[Result "0-1"]
[WhiteElo "2450"]
[BlackElo "2455"]
[PlyCount "90"]
[EventDate "1991.??.??"]
[EventType "tourn"]
[EventRounds "13"]
[EventCountry "URS"]
[EventCategory "9"]
[SourceTitle "CBM 021 ext"]
[Source "ChessBase"]
[SourceDate "1991.05.01"]
[SourceVersion "1"]
[SourceVersionDate "1991.05.01"]
[SourceQuality "1"]

1. e4 e5 2. Nf3 Nc6 3. Bb5 a6 4. Ba4 Nf6 5. O-O Be7 6. Re1 b5 7. Bb3 d6 8. c3
O-O 9. d3 Na5 10. Bc2 c5 11. Nbd2 Re8 12. Nf1 h6 13. h3 Bf8 14. N3h2 d5 15. Qf3
d4 16. g4 Nh7 17. Qg3 Nc6 18. Nf3 Bb7 19. Bb3 dxc3 20. bxc3 Na5 21. Bc2 c4 22.
dxc4 Nxc4 23. a4 Qa5 24. N3d2 Rac8 25. Nxc4 Rxc4 26. Bd2 bxa4 27. Ne3 Rxe4 28.
Bxe4 Bxe4 29. Nc4 Qd5 30. Rxa4 Qb5 31. Rea1 Bc2 32. R4a2 Bb3 33. Na3 Qa4 34.
Rb2 Bxa3 35. Rbb1 Bc2 36. Rb6 Qd7 37. Bxh6 Bc5 38. Rb2 Be4 39. Be3 Bxe3 40.
Qxe3 Bc6 41. c4 Nf8 42. Qd2 Qc8 43. Qd6 Ne6 44. Rab1 Qd7 45. Qxe5 Nd4 0-1

[Event "URS-ch U26"]
[Site "Kherson"]
[Date "1991.??.??"]
[Round "4"]
[White "Kharlov, Andrei"]
[Black "Timoshenko, Georgy"]
[Result "1/2-1/2"]
[WhiteElo "2450"]
[BlackElo "2475"]
[PlyCount "89"]
[EventDate "1991.??.??"]
[EventType "tourn"]
[EventRounds "13"]
[EventCountry "URS"]
[EventCategory "9"]
[SourceTitle "CBM 021 ext"]
[Source "ChessBase"]
[SourceDate "1991.05.01"]
[SourceVersion "1"]
[SourceVersionDate "1991.05.01"]
[SourceQuality "1"]

1. e4 e5 2. Nf3 Nc6 3. Bb5 a6 4. Ba4 Nf6 5. O-O Be7 6. Re1 b5 7. Bb3 O-O 8. d3
d6 9. c3 Na5 10. Bc2 c5 11. Nbd2 Nc6 12. Nf1 h6 13. Ne3 Be6 14. d4 cxd4 15.
cxd4 exd4 16. Nxd4 Nxd4 17. Qxd4 Rc8 18. Bb3 Bxb3 19. axb3 Re8 20. Bd2 Bf8 21.
Nd5 Nxd5 22. Qxd5 Rc5 23. Qd3 Qa8 24. Bc3 Qb7 25. h3 Qc8 26. Re3 Qb7 27. Rae1
d5 28. b4 dxe4 29. bxc5 exd3 30. Rxe8 Qd7 31. c6 Qxc6 32. Rd8 d2 33. Rd1 b4 34.
Bxb4 Qa4 35. Rxf8+ Kh7 36. Rxd2 Qxb4 37. Rfd8 a5 38. R8d4 Qb3 39. g3 a4 40. Kh2
h5 41. h4 f6 42. Rd7 Kg6 43. Ra7 Qb4 44. Rdd7 Qe1 45. Rxg7+ 1/2-1/2

[Event "URS-ch U26"]
[Site "Kherson"]
[Date "1991.??.??"]
[Round "5"]
[White "Serper, Grigory"]
[Black "Kharlov, Andrei"]
[Result "1/2-1/2"]
[WhiteElo "2490"]
[BlackElo "2450"]
[PlyCount "34"]
[EventDate "1991.??.??"]
[EventType "tourn"]
[EventRounds "13"]
[EventCountry "URS"]
[EventCategory "9"]
[SourceTitle "CBM 021 ext"]
[Source "ChessBase"]
[SourceDate "1991.05.01"]
[SourceVersion "1"]
[SourceVersionDate "1991.05.01"]
[SourceQuality "1"]

1. c4 e6 2. Nf3 d5 3. g3 dxc4 4. Qa4+ Nd7 5. Bg2 a6 6. Qxc4 b5 7. Qc2 Bb7 8.
O-O Ngf6 9. b3 c5 10. Bb2 Bd6 11. d3 O-O 12. Nbd2 Rc8 13. Rac1 e5 14. Qb1 Re8
15. Qa1 Qb6 16. Bh3 Rcd8 17. Rfd1 h6 1/2-1/2

[Event "URS-ch U26"]
[Site "Kherson"]
[Date "1991.??.??"]
[Round "7"]
[White "Kharlov, Andrei"]
[Black "Kruppa, Yuri"]
[Result "1-0"]
[WhiteElo "2450"]
[BlackElo "2480"]
[PlyCount "97"]
[EventDate "1991.??.??"]
[EventType "tourn"]
[EventRounds "13"]
[EventCountry "URS"]
[EventCategory "9"]
[SourceTitle "CBM 021 ext"]
[Source "ChessBase"]
[SourceDate "1991.05.01"]
[SourceVersion "1"]
[SourceVersionDate "1991.05.01"]
[SourceQuality "1"]

1. e4 e5 2. Nf3 Nc6 3. Bb5 a6 4. Ba4 Nf6 5. O-O Be7 6. Re1 b5 7. Bb3 d6 8. c3
O-O 9. d3 h6 10. a4 b4 11. Nbd2 Na5 12. cxb4 Nc6 13. Nc4 Nxb4 14. d4 exd4 15.
Nxd4 c5 16. Nc2 Bb7 17. Nxb4 cxb4 18. e5 dxe5 19. Nxe5 Qxd1 20. Rxd1 Rad8 21.
Rxd8 Bxd8 22. Bd2 Bd5 23. Bxd5 Nxd5 24. Rc1 Bg5 25. Bxg5 hxg5 26. Rd1 Rc8 27.
g3 Nb6 28. a5 Na4 29. b3 Nc3 30. Rd6 Rc5 31. Nc4 Ne2+ 32. Kg2 Nc1 33. Rxa6 Nxb3
34. Ra8+ Kh7 35. a6 Rxc4 36. a7 Rc7 37. Rh8+ Kxh8 38. a8=Q+ Kh7 39. Qd8 Rc3 40.
Qxg5 Nc1 41. Qh4+ Kg8 42. Qxb4 Rc8 43. Qb7 Rf8 44. Qc6 Nd3 45. Qd5 Nb4 46. Qb5
Nc2 47. Qc4 Ne1+ 48. Kf1 Nf3 49. Qf4 1-0

[Event "URS-ch U26"]
[Site "Kherson"]
[Date "1991.??.??"]
[Round "8"]
[White "Sorokin, Maxim"]
[Black "Kharlov, Andrei"]
[Result "1-0"]
[WhiteElo "2500"]
[BlackElo "2450"]
[PlyCount "121"]
[EventDate "1991.??.??"]
[EventType "tourn"]
[EventRounds "13"]
[EventCountry "URS"]
[EventCategory "9"]
[SourceTitle "CBM 021 ext"]
[Source "ChessBase"]
[SourceDate "1991.05.01"]
[SourceVersion "1"]
[SourceVersionDate "1991.05.01"]
[SourceQuality "1"]

1. c4 Nf6 2. Nf3 g6 3. Nc3 Bg7 4. e4 d6 5. d4 O-O 6. Be2 Nbd7 7. O-O e5 8. d5
Nc5 9. Qc2 a5 10. Ne1 Bd7 11. b3 Qe7 12. Bb2 h5 13. a3 a4 14. b4 Nb3 15. Rd1
Bh6 16. Nb5 Rac8 17. Na7 Rcd8 18. Nb5 h4 19. Qd3 Rc8 20. Na7 Rce8 21. Nb5 Qd8
22. g3 Bh3 23. Ng2 hxg3 24. hxg3 Ng4 25. Bxg4 Bxg4 26. f3 Bd7 27. f4 Bg7 28.
fxe5 Bxb5 29. cxb5 Qg5 30. Qe3 Qxe3+ 31. Nxe3 Bxe5 32. Bxe5 Rxe5 33. Ng4 Re7
34. Nf6+ Kg7 35. Kg2 Rc8 36. g4 c6 37. dxc6 bxc6 38. bxc6 Rxc6 39. g5 Re5 40.
Rd5 Rc2+ 41. Kg3 Ra2 42. Rh1 Rxg5+ 43. Rxg5 Kxf6 44. Rd5 Rxa3 45. Kf4 Ke7 46.
Rhd1 Ra1 47. Rxd6 Rxd1 48. Rxd1 a3 49. b5 a2 50. b6 Nc5 51. Ke3 f6 52. Ra1 Kd6
53. Rxa2 Kc6 54. Rb2 Nb7 55. Rg2 Kxb6 56. Rxg6 Nd6 57. e5 Nf5+ 58. Ke4 Ne7 59.
Rxf6+ Kc7 60. Rd6 Nc8 61. Rd1 1-0

[Event "URS-ch U26"]
[Site "Kherson"]
[Date "1991.??.??"]
[Round "9"]
[White "Kharlov, Andrei"]
[Black "Galdunts, Sergey"]
[Result "1-0"]
[WhiteElo "2450"]
[BlackElo "2470"]
[PlyCount "85"]
[EventDate "1991.??.??"]
[EventType "tourn"]
[EventRounds "13"]
[EventCountry "URS"]
[EventCategory "9"]
[SourceTitle "CBM 021 ext"]
[Source "ChessBase"]
[SourceDate "1991.05.01"]
[SourceVersion "1"]
[SourceVersionDate "1991.05.01"]
[SourceQuality "1"]

1. e4 e5 2. Nf3 Nc6 3. Bb5 a6 4. Ba4 Nf6 5. O-O Be7 6. Re1 b5 7. Bb3 d6 8. c3
O-O 9. d3 Na5 10. Bc2 c5 11. Nbd2 Re8 12. Nf1 h6 13. d4 exd4 14. cxd4 Bf8 15.
b3 Nc6 16. d5 Ne5 17. Nxe5 dxe5 18. a4 Bd7 19. Bb2 Bd6 20. Qe2 Qb6 21. Ra2 Rec8
22. Nd2 Ne8 23. h3 Qd8 24. f4 f6 25. f5 Bf8 26. Kh2 Nd6 27. Bd3 Qb6 28. Rea1 c4
29. bxc4 b4 30. a5 Qc7 31. c5 Qxc5 32. Bxa6 Rxa6 33. Qxa6 Qe3 34. Bc1 Qf4+ 35.
Kh1 Bb5 36. Qb6 Rc3 37. a6 Nxe4 38. Nxe4 Qxe4 39. Kh2 Bc5 40. Qxb5 Qe1 41. Bxh6
Bg1+ 42. Kh1 Rxh3+ 43. gxh3 1-0

[Event "URS-ch U26"]
[Site "Kherson"]
[Date "1991.??.??"]
[Round "10"]
[White "Sakaev, Konstantin"]
[Black "Kharlov, Andrei"]
[Result "1/2-1/2"]
[WhiteElo "2450"]
[BlackElo "2450"]
[PlyCount "97"]
[EventDate "1991.??.??"]
[EventType "tourn"]
[EventRounds "13"]
[EventCountry "URS"]
[EventCategory "9"]
[SourceTitle "CBM 021 ext"]
[Source "ChessBase"]
[SourceDate "1991.05.01"]
[SourceVersion "1"]
[SourceVersionDate "1991.05.01"]
[SourceQuality "1"]

1. d4 Nf6 2. c4 g6 3. Nc3 d5 4. cxd5 Nxd5 5. e4 Nxc3 6. bxc3 Bg7 7. Nf3 c5 8.
Rb1 O-O 9. Be2 Nc6 10. d5 Ne5 11. Nxe5 Bxe5 12. Qd2 e6 13. f4 Bg7 14. c4 b6 15.
Bb2 Bxb2 16. Rxb2 Ba6 17. O-O exd5 18. cxd5 Bxe2 19. Qxe2 f5 20. Rd2 fxe4 21.
d6 Qf6 22. Qxe4 Rae8 23. Qa4 Rd8 24. d7 Qf5 25. Qxa7 Rf7 26. Qxb6 Rdxd7 27.
Rxd7 Rxd7 28. a4 Rd2 29. Qb3+ Qd5 30. Qxd5+ Rxd5 31. Rc1 Kf7 32. Kf1 Rd4 33. a5
Rxf4+ 34. Ke2 Ra4 35. Rxc5 Ra2+ 36. Kf3 Ra3+ 37. Kg4 Ra2 38. Kh3 h5 39. Kg3 h4+
40. Kh3 Kf6 41. g3 hxg3 42. hxg3 Ra4 43. Rb5 g5 44. Rb6+ Kf5 45. g4+ Ke5 46.
Rb5+ Kf6 47. Rf5+ Kg6 48. Rc5 Kf6 49. Rf5+ 1/2-1/2

[Event "URS-ch U26"]
[Site "Kherson"]
[Date "1991.??.??"]
[Round "11"]
[White "Kharlov, Andrei"]
[Black "Minasian, Artashes"]
[Result "0-1"]
[WhiteElo "2450"]
[BlackElo "2495"]
[PlyCount "72"]
[EventDate "1991.??.??"]
[EventType "tourn"]
[EventRounds "13"]
[EventCountry "URS"]
[EventCategory "9"]
[SourceTitle "CBM 021 ext"]
[Source "ChessBase"]
[SourceDate "1991.05.01"]
[SourceVersion "1"]
[SourceVersionDate "1991.05.01"]
[SourceQuality "1"]

1. e4 c5 2. c3 b6 3. d4 Bb7 4. Bd3 Nf6 5. Nd2 cxd4 6. cxd4 Nc6 7. Ne2 e5 8. d5
Nb4 9. Bb1 Bc5 10. O-O a5 11. a3 Na6 12. Ng3 h5 13. Nc4 Ng4 14. Nf5 Qf6 15. h3
g6 16. hxg4 hxg4 17. Nfd6+ Bxd6 18. Qxg4 Rh5 19. Be3 Bc5 20. Bd3 O-O-O 21. Rac1
Kb8 22. Rfd1 a4 23. Qg3 Ka7 24. Kf1 Rc8 25. Ke2 Qe7 26. f3 d6 27. Nd2 Bxe3 28.
Kxe3 Nc5 29. Be2 f5 30. Kf2 f4 31. Qxg6 Qh4+ 32. Kf1 Rg5 33. Qxg5 Qxg5 34. Kf2
Qg3+ 35. Kg1 Rg8 36. Bf1 Nd3 0-1

[Event "URS-ch U26"]
[Site "Kherson"]
[Date "1991.??.??"]
[Round "12"]
[White "Komarov, Dimitri"]
[Black "Kharlov, Andrei"]
[Result "0-1"]
[WhiteElo "2475"]
[BlackElo "2450"]
[PlyCount "104"]
[EventDate "1991.??.??"]
[EventType "tourn"]
[EventRounds "13"]
[EventCountry "URS"]
[EventCategory "9"]
[SourceTitle "CBM 021 ext"]
[Source "ChessBase"]
[SourceDate "1991.05.01"]
[SourceVersion "1"]
[SourceVersionDate "1991.05.01"]
[SourceQuality "1"]

1. d4 d5 2. Nf3 e6 3. c4 c6 4. Nbd2 Nf6 5. g3 Nbd7 6. Bg2 b6 7. O-O Bb7 8. b3
Bd6 9. Bb2 O-O 10. Ne5 Rc8 11. e4 dxe4 12. Nxe4 Nxe4 13. Bxe4 Nf6 14. Bg2 Qe7
15. Qe2 Rfd8 16. Rad1 c5 17. Bxb7 Qxb7 18. Ng4 Nxg4 19. Qxg4 Bf8 20. dxc5 bxc5
21. Bc3 Qa6 22. Qe2 Qa3 23. Qb2 Qxb2 24. Bxb2 h5 25. Bc3 Kh7 26. Kg2 Kg6 27.
Kf3 Be7 28. Ba5 Rd6 29. Rxd6 Bxd6 30. Rd1 Rc6 31. Bc3 Ra6 32. Rd2 Be7 33. Ke2
Bg5 34. f4 Bf6 35. Kd3 Kf5 36. Bxf6 gxf6 37. Ke3 Kg4 38. Ke4 f5+ 39. Ke5 h4 40.
Rd7 Rxa2 41. Rxf7 Re2+ 42. Kd6 h3 43. Rxa7 Rxh2 44. Rg7+ Kf3 45. Kxc5 Rb2 46.
b4 h2 47. Rh7 Kxg3 48. b5 Rb1 49. Kd6 h1=Q 50. Rxh1 Rxh1 51. c5 Rb1 52. b6 Kxf4
0-1

[Event "URS-ch U26"]
[Site "Kherson"]
[Date "1991.??.??"]
[Round "13"]
[White "Kharlov, Andrei"]
[Black "Brodsky, Michail"]
[Result "1-0"]
[WhiteElo "2450"]
[BlackElo "2310"]
[PlyCount "75"]
[EventDate "1991.??.??"]
[EventType "tourn"]
[EventRounds "13"]
[EventCountry "URS"]
[EventCategory "9"]
[SourceTitle "CBM 021 ext"]
[Source "ChessBase"]
[SourceDate "1991.05.01"]
[SourceVersion "1"]
[SourceVersionDate "1991.05.01"]
[SourceQuality "1"]

1. c4 b6 2. d4 Bb7 3. Nc3 e6 4. e4 Bb4 5. Qc2 Qh4 6. Bd3 Bxc3+ 7. bxc3 f5 8. g3
Qh5 9. f3 fxe4 10. fxe4 Nf6 11. Ne2 Qf3 12. Rf1 Qg2 13. e5 Ng4 14. Bg5 d6 15.
Bxh7 Kd7 16. Rf7+ Kc8 17. Qg6 Bf3 18. Qxe6+ Kb7 19. exd6 Nc6 20. Rxc7+ Ka6 21.
Bd3 Nf2 22. Kd2 Nxd3 23. Kxd3 Rae8 24. Be7 Rh6 25. Nf4 Qb2 26. Qe1 Rxd6 27. Rb1
Qxh2 28. Rb3 Qh7+ 29. Kd2 Qh2+ 30. Ke3 Rxe7+ 31. Rxe7 Nxe7 32. Kxf3 Nc6 33. c5
Rd8 34. cxb6 Qxa2 35. Rb1 Na5 36. b7 Rb8 37. Qe6+ Qxe6 38. Nxe6 1-0

[Event "URS-chT"]
[Site "Azov"]
[Date "1991.??.??"]
[Round "?"]
[White "Beliavsky, Alexander"]
[Black "Kharlov, Andrei"]
[Result "1-0"]
[WhiteElo "2655"]
[BlackElo "2515"]
[PlyCount "79"]
[EventDate "1991.??.??"]
[EventRounds "9"]
[EventCountry "URS"]
[SourceTitle "CBM 025"]
[Source "ChessBase"]
[SourceDate "1991.12.01"]
[SourceVersion "1"]
[SourceVersionDate "1991.12.01"]
[SourceQuality "1"]

1. d4 d5 2. c4 e6 3. Nc3 c6 4. Nf3 dxc4 5. a4 Bb4 6. e3 b5 7. Nd2 Qb6 8. Qg4
Kf8 9. g3 Nf6 10. Qf3 Bb7 11. Bg2 a6 12. O-O Nbd7 13. axb5 axb5 14. Rxa8+ Bxa8
15. Nde4 Ke7 16. Nxf6 Nxf6 17. e4 c5 18. d5 Re8 19. Bg5 e5 20. Bxf6+ gxf6 21.
Nd1 Bd2 22. Qe2 Qa5 23. f4 exf4 24. gxf4 c3 25. bxc3 Bxc3 26. Nxc3 Qxc3 27.
Qxb5 Qd4+ 28. Kh1 Kf8 29. Qa6 c4 30. Rg1 Kg7 31. Qb5 Rd8 32. Qa5 Rf8 33. Qa3
Re8 34. Qd6 c3 35. e5 fxe5 36. Be4+ Qxg1+ 37. Kxg1 exf4 38. Qxf4 h6 39. Qg3+
Kf8 40. Qxc3 1-0

[Event "URS-chT"]
[Site "Azov"]
[Date "1991.??.??"]
[Round "?"]
[White "Bologan, Viorel"]
[Black "Kharlov, Andrei"]
[Result "1-0"]
[WhiteElo "2535"]
[BlackElo "2515"]
[PlyCount "99"]
[EventDate "1991.??.??"]
[EventRounds "9"]
[EventCountry "URS"]
[SourceTitle "CBM 025"]
[Source "ChessBase"]
[SourceDate "1991.12.01"]
[SourceVersion "1"]
[SourceVersionDate "1991.12.01"]
[SourceQuality "1"]

1. e4 c5 2. Nf3 Nc6 3. Bb5 g6 4. Bxc6 dxc6 5. h3 Nf6 6. d3 Bg7 7. Nc3 O-O 8.
Be3 b6 9. Qd2 Ne8 10. O-O-O Nc7 11. Bh6 Ne6 12. h4 Bxh6 13. Qxh6 f6 14. Ne2 Rf7
15. g4 Nd4 16. Nfxd4 cxd4 17. Rdg1 c5 18. g5 Qf8 19. h5 Qxh6 20. gxh6 g5 21. f4
Kh8 22. fxg5 fxg5 23. Rxg5 Rf6 24. b4 cxb4 25. Nxd4 Rxh6 26. Rf1 Be6 27. Kb2 a5
28. Re5 Bg8 29. Rxe7 Rxh5 30. Rf6 Rd8 31. Nc6 Rc8 32. d4 Rg5 33. d5 Rg7 34. Rf2
Rxe7 35. Nxe7 Re8 36. d6 Be6 37. Rf6 Bg4 38. e5 Kg7 39. Nf5+ Bxf5 40. Rxf5 Rd8
41. c3 Rf8 42. d7 Rxf5 43. d8=Q bxc3+ 44. Kxc3 Rxe5 45. Qc7+ Kf6 46. Qxh7 b5
47. Qh8+ Kf5 48. Qc8+ Kf4 49. Qc7 Ke4 50. Qxa5 1-0

[Event "URS-chT"]
[Site "Azov"]
[Date "1991.??.??"]
[Round "?"]
[White "Kharlov, Andrei"]
[Black "Annageldyev, Orazly"]
[Result "1/2-1/2"]
[WhiteElo "2515"]
[BlackElo "2420"]
[PlyCount "89"]
[EventDate "1991.??.??"]
[EventRounds "9"]
[EventCountry "URS"]
[SourceTitle "CBM 025"]
[Source "ChessBase"]
[SourceDate "1991.12.01"]
[SourceVersion "1"]
[SourceVersionDate "1991.12.01"]
[SourceQuality "1"]

1. e4 e5 2. Nf3 Nc6 3. Bb5 f5 4. Nc3 fxe4 5. Nxe4 Nf6 6. Nxf6+ Qxf6 7. Qe2 Be7
8. Bxc6 dxc6 9. Nxe5 O-O 10. O-O Bd6 11. f4 Bxe5 12. fxe5 Qxf1+ 13. Qxf1 Rxf1+
14. Kxf1 Bf5 15. d3 Re8 16. Be3 Rxe5 17. Bxa7 b6 18. Re1 Ra5 19. Bb8 Rxa2 20.
Rb1 Ra5 21. b3 Ra2 22. Rc1 c5 23. Ke2 c6 24. Kd2 Be6 25. Kc3 b5 26. Rb1 c4 27.
bxc4 bxc4 28. dxc4 Ra4 29. Be5 Rxc4+ 30. Kd3 Rc5 31. Rb8+ Kf7 32. Rb7+ Ke8 33.
Bc3 Bf5+ 34. Kd2 g5 35. Ra7 Rd5+ 36. Kc1 Be4 37. Bf6 Kf8 38. Bg7+ Ke8 39. Bf6
Bxg2 40. Rxh7 g4 41. Bh4 Re5 42. Bg3 Re2 43. Rh5 Kd7 44. Re5 Rxe5 45. Bxe5
1/2-1/2